000 00688nam a2200241Ia 4500
003 OSt
005 20220930072118.0
006 a|||||r|||| 00| 0
007 ta
008 220926b |||||||| |||| 00| 0 hin d
024 _a18962
037 _cTheses
040 _aCRL
_cCRL
_bhin
041 _2hin
_ahin
100 _aDafu Raj Kumar
_9529406
110 _aUniversity of Delhi. Faculty of Arts. Department of Hindi
245 0 _aPargatisheel Hindi kavita aur Kedar Nath Aggarwal
260 _c1985
650 _aHINDI LITERATURE
_923866
700 _aUniversity of Delhi. Faculty of Arts. Department of Hindi
942 _cDIS
_2CC
999 _c863397
_d863397